Statistics for One Border Countries Quiz

Click here to take the quiz!

General Stats

  • This quiz has been taken 164,580 times
    (164,550 since last reset)
  • The average score is 11 of 17

Answer Stats

Bordering Country Country % Correct
United StatesCanada
95%
SpainPortugal
80%
North KoreaSouth Korea
80%
United KingdomIreland
77%
South AfricaLesotho
75%
ItalyVatican City
72%
Dominican RepublicHaiti
70%
ItalySan Marino
68%
GermanyDenmark
68%
IrelandUnited Kingdom
68%
HaitiDominican Republic
67%
IndonesiaPapua New Guinea
60%
FranceMonaco
59%
Saudi ArabiaQatar
52%
MalaysiaBrunei
50%
IndonesiaEast Timor
47%
SenegalGambia
44%

Score Distribution

Percentile by Number Answered

Percent of People with Each Score

Your Score History

You have not taken this quiz since the last reset